Statistics for Tourist Route of the UK

Click here to take the quiz!

General Stats

  • This quiz has been taken 665 times
  • The average score is 16 of 20

Answer Stats

TypeClueDistance
Miles
Destination% Correct
CityHouses of Parliament, Tower Bridge-London
98%
CityCity and United FC31Manchester
96%
CityThe Beatles, Albert Dock51Liverpool
95%
CityUniversity Town34Oxford
95%
CityCastle, Princes Street, Capital of Scotland94Edinburgh
92%
CityUniversity Town131Cambridge
90%
LakeThe Monster, Largest Lake in the UK8Loch Ness
90%
CityRoman spa town, Aquae Sulis172Bath
88%
CityPleasure Beach41Blackpool
85%
MountainTallest Mountain in the UK177Ben Nevis
81%
MonumentPrehistoric World Heritage Site31Stonehenge
81%
MountainTallest moutain in Wales, Mountain Railway138Snowdon
78%
National ParkIncludes Winderemere and Scafell Pike47Lake District
77%
CastleLargest inhabited castle in the World21Windsor Castle
74%
CityMusic Festival143Glastonbury
70%
CityJorvik, The Shambles, The Minster161York
70%
HeadlandMost westerly point of Britain227Land's End
67%
CityMary Rose Ship, Island City, Spinnaker47Portsmouth
63%
TownBattle of Hastings70Battle
31%
CliffSeven Sisters, Chalk Cliffs39White Cliffs of Dover
31%

Score Distribution

Percentile by Number Answered

Percent of People with Each Score

Your Score History

You have not taken this quiz